[Event "28th 4NCL Congress"]
[Site "Leamington Spa"]
[Date "2022.07.10"]
[Round "5"]
[Board "20"]
[White "Sun, Meng"]
[Black "Daniels, David W"]
[Result "1/2-1/2"]
[WhiteElo "1745"]
[BlackElo "1921"]
[PlyCount "0"]
[EventDate "2022.07.08"]
[EventRounds "5"]
[EventCountry "ENG"]

1. d4 Nf6 2. c4 c5 3. d5 b5 4. cxb5 a6 5. bxa6 Bxa6 6. Nc3 g6 7. e4 Bxf1 8. Kxf1 d6 9. Nge2 Bg7 10. Qc2 O-O 11. g3 Nbd7 12. Kg2 Qb6 13. Bd2 Rfb8 14. Rhb1 c4 15. Na4 Qa6 16. Nec3 Ne5 17. b3 Nfd7 18. Be3 Ng4 19. Bd2 Bd4 20. f3 Ne3+ 21. Bxe3 Bxe3 22. Qe2 Bd4 23. bxc4 Ne5 24. Rb5 Rc8 25. Rab1 Nxc4 26. Qd3 Bxc3 27. Nxc3 Na3 28. Qd2 Nxb1 29. Rxb1 Qa5 30. Rc1 Rc5 31. Qb2 Rac8 32. Ne2 Rxc1 33. Nxc1 Qc3 34. Qxc3 Rxc3 35. Nb3 Rc2+ 36. Kh3 Rxa2 37. Nd4 Kf8 38. g4 Rd2 39. Nc6 g5 40. Kg3 h6 41. h4 e6 42. dxe6 fxe6 43. Nd8 Ke7 44. Nc6+ Kd7 45. Nb4 Rb2 46. Nd3 Rb3 47. Nf2 d5 48. exd5 exd5 49. hxg5 hxg5 50. Nh3 d4 51. Nxg5 Ke7 52. Ne4 d3 53. Kf2 Kf7 54. Ke3 Ra3 55. Kd2 Kg6 56. Nc5 Kg5 57. Nxd3 Kg6 58. Ke3 Kg5 59. Ke2 Rc3 60. Kd2 Rc8 61. Ke3 Rc3 62. Kd4 Rc8 63. Nc5 Re8 64. Nd3 Re7 65. Ne5  1/2-1/2

[Event "28th 4NCL Congress"]
[Site "Leamington Spa"]
[Date "2022.07.10"]
[Round "5"]
[Board "21"]
[White "Bowman, Richard L"]
[Black "Timbrell, Matthew"]
[Result "1/2-1/2"]
[WhiteElo "1893"]
[BlackElo "1709"]
[PlyCount "0"]
[EventDate "2022.07.08"]
[EventRounds "5"]
[EventCountry "ENG"]

1. d4 d5 2. e3 Nf6 3. Bd3 e6 4. Nd2 c5 5. c3 Nc6 6. f4 Be7 7. Qe2 b6 8. Ngf3 Bb7 9. O-O O-O 10. Ne5 c4 11. Bc2 b5 12. Qf3 b4 13. g4 g6 14. Qh3 bxc3 15. bxc3 Nxe5 16. fxe5 Nd7 17. e4 Qa5 18. exd5 Bxd5 19. Be4 Ba3 20. Bxd5 exd5 21. g5 Bxc1 22. Rfxc1 Qd8 23. Qh4 Re8 24. Qf4 Nf8 25. h4 Ne6 26. Qf2 Ng7 27. Nf1 Nf5 28. Rab1 Rb8 29. Ne3 Nxe3  1/2-1/2

[Event "28th 4NCL Congress"]
[Site "Leamington Spa"]
[Date "2022.07.10"]
[Round "5"]
[Board "22"]
[White "Hickman, John E"]
[Black "David, Barry AH"]
[Result "1-0"]
[WhiteElo "1869"]
[BlackElo "1670"]
[PlyCount "0"]
[EventDate "2022.07.08"]
[EventRounds "5"]
[EventCountry "ENG"]

1. e4 e6 2. d3 d5 3. Nd2 c5 4. Ngf3 Nc6 5. g3 Nf6 6. Bg2 Be7 7. O-O O-O 8. Re1 Qc7 9. e5 Ng4 10. Qe2 Nh6 11. Nf1 Nf5 12. c3 b6 13. Bf4 a5 14. h4 Bb7 15. N1h2 Bd8 16. h5 d4 17. c4 g6 18. h6 Qe7 19. Bg5 Qd7 20. Bxd8 Nxd8 21. Ng4 Kh8 22. Qd2 Qe7 23. Nf6 Bxf3 24. Bxf3 Rc8 25. Qg5 Nc6 26. Bxc6 Rxc6 27. g4 Rcc8 28. gxf5 Rg8 29. Qf4 gxf5+ 30. Kf1 Rg6 31. Ke2 Qc7 32. Nh5 Rg4 33. Qh2 Rg6 34. Ng7 Rg8 35. Rg1 Rf6 36. f4 Rg6 37. Rxg6 hxg6 38. Qg2 b5 39. cxb5 c4 40. Qc6 cxd3+ 41. Kxd3 Qe7 42. Rh1 Qb4 43. Rh2 Qe1 44. Qf3 Qg1 45. Rh1 Qe3+ 46. Qxe3 dxe3 47. Kxe3 Kh7 48. Kd4 Rd8+ 49. Kc5 Rd2 50. Ne8 Rxb2 51. Nf6+ Kh8 52. Rd1  1-0

[Event "28th 4NCL Congress"]
[Site "Leamington Spa"]
[Date "2022.07.10"]
[Round "5"]
[Board "23"]
[White "Freund, Michael P"]
[Black "Towers, Nigel S"]
[Result "0-1"]
[WhiteElo "1759"]
[BlackElo "1864"]
[PlyCount "0"]
[EventDate "2022.07.08"]
[EventRounds "5"]
[EventCountry "ENG"]

1. e4 c6 2. d3 d5 3. Nd2 e5 4. Ngf3 Bd6 5. Be2 Nf6 6. O-O O-O 7. Re1 Re8 8. c3 Nbd7 9. Qc2 Nf8 10. Nf1 Ng6 11. h3 Bc7 12. Ng3 Nf4 13. Bf1 N6h5 14. Nxh5 Nxh5 15. g3 dxe4 16. dxe4 Bb6 17. Be3 Qf6 18. Qe2 Bxe3 19. Qxe3 Bd7 20. Kh2 Rad8 21. Be2 Qe6 22. Ng5 Qg6 23. Bg4 Nf6 24. Bxd7 Rxd7 25. Nf3 b6 26. Qg5 Qxg5 27. Nxg5 Rd2 28. Kg2 Red8 29. Rab1 Kf8 30. Nf3 R2d6 31. Re2 Nd7 32. Ne1 Nc5 33. f3 f6 34. Kf2 Nd3+ 35. Nxd3 Rxd3 36. Rc1 Ke7 37. Rcc2 c5 38. Re3 Rxe3 39. Kxe3 Rd1 40. h4 h5 41. Rd2 Rh1 42. Rg2 g5 43. hxg5 fxg5 44. f4 gxf4+ 45. gxf4 Rh3+ 46. Kf2 exf4 47. Rg5 Ke6 48. Rf5 f3 49. Rg5 h4 50. Rh5 Kf6 51. b4 cxb4 52. cxb4 Kg6 53. Rh8 Kg5 54. Rf8 Kg4 55. e5 Rh2+ 56. Kg1 Re2 57. Rg8+ Kf4 58. Rh8 Rxe5 59. Rxh4+ Kg3  0-1

[Event "28th 4NCL Congress"]
[Site "Leamington Spa"]
[Date "2022.07.10"]
[Round "5"]
[Board "24"]
[White "Ajimal, Jet"]
[Black "Pyda, Arjun"]
[Result "0-1"]
[WhiteElo "1627"]
[BlackElo "1789"]
[PlyCount "0"]
[EventDate "2022.07.08"]
[EventRounds "5"]
[EventCountry "ENG"]

1. e4 d5 2. exd5 Qxd5 3. Nc3 Qd8 4. d4 c6 5. Nf3 Nf6 6. Be2 Bg4 7. O-O e6 8. Bf4 Bd6 9. Bxd6 Qxd6 10. Qd3 Bf5 11. Qd2 O-O 12. Bd3 Bxd3 13. Qxd3 Nbd7 14. Ne4 Qf4 15. Nxf6+ Nxf6 16. c3 Rad8 17. Qc2 Qc7 18. Rad1 Rfe8 19. Rfe1 h6 20. h3 Rd7 21. Rd3 Qa5 22. a3 Red8 23. Ne5 Re7 24. Rf3 Nd7 25. Ng4 h5 26. Ne5 Nxe5 27. Rxe5 Rd5 28. Rxd5 exd5 29. Qf5 Re1+ 30. Kh2 Qc7+ 31. g3 g6 32. Qf6 Qe7 33. Qxe7 Rxe7 34. Re3 Rxe3 35. fxe3 Kg7 36. Kg2 Kf6 37. Kf3 Kf5 38. a4 g5 39. b3 g4+  0-1

[Event "28th 4NCL Congress"]
[Site "Leamington Spa"]
[Date "2022.07.10"]
[Round "5"]
[Board "25"]
[White "Wheeler, Tim"]
[Black "Berridge, Martin"]
[Result "1-0"]
[WhiteElo "1815"]
[BlackElo "1693"]
[PlyCount "0"]
[EventDate "2022.07.08"]
[EventRounds "5"]
[EventCountry "ENG"]

1. e4 e6 2. d4 d5 3. Nd2 Nf6 4. e5 Nfd7 5. Bd3 c5 6. c3 Nc6 7. Ngf3 cxd4 8. cxd4 Be7 9. O-O O-O 10. Re1 Nb6 11. b3 Bd7 12. Bb2 Nb4 13. Bb1 Bb5 14. Nf1 Bd7 15. a3 Nc6 16. Qd3 g6 17. Ne3 Re8 18. Bc2 Bf8 19. h4 Bg7 20. h5 Ne7 21. g4 Rf8 22. Kg2 Rc8 23. Rh1 a6 24. a4 Nc6 25. Ba3 Ne7 26. Rag1 Re8 27. g5 Nf5 28. Ng4 Qc7 29. Rc1 Qc3 30. hxg6 fxg6 31. Qd1  1-0

[Event "28th 4NCL Congress"]
[Site "Leamington Spa"]
[Date "2022.07.10"]
[Round "5"]
[Board "26"]
[White "Lewis, Evan"]
[Black "Fisher, Neal"]
[Result "1-0"]
[WhiteElo "1802"]
[BlackElo "1732"]
[PlyCount "0"]
[EventDate "2022.07.08"]
[EventRounds "5"]
[EventCountry "ENG"]

1. d4 Nf6 2. Nc3 d5 3. Bf4 c6 4. e3 Bf5 5. Nf3 e6 6. a3 Nbd7 7. Be2 Ne4 8. Nxe4 Bxe4 9. Bd3 Nf6 10. O-O h6 11. c4 g5 12. Bg3 Bd6 13. cxd5 exd5 14. Bxe4 Nxe4 15. Bxd6 Qxd6 16. Ne5 Qe7 17. Qc2 O-O 18. b4 Qe6 19. Rab1 Nd6 20. f4 Ne4 21. f5 Qd6 22. Qe2 Nc3 23. Qh5 Nxb1 24. f6 Kh7 25. Ng4  1-0

[Event "28th 4NCL Congress"]
[Site "Leamington Spa"]
[Date "2022.07.10"]
[Round "5"]
[Board "27"]
[White "McMorran, Richard"]
[Black "Garrett, Peter A"]
[Result "1/2-1/2"]
[WhiteElo "1688"]
[BlackElo "1784"]
[PlyCount "0"]
[EventDate "2022.07.08"]
[EventRounds "5"]
[EventCountry "ENG"]

1. Nf3 b6 2. g3 Bb7 3. Bg2 c5 4. c4 g6 5. Nc3 Bg7 6. O-O Nc6 7. e3 Nf6 8. d4 O-O 9. b3 cxd4 10. exd4 Rc8 11. Bb2 e6  1/2-1/2

[Event "28th 4NCL Congress"]
[Site "Leamington Spa"]
[Date "2022.07.10"]
[Round "5"]
[Board "28"]
[White "Webster, Vivien"]
[Black "Sharpe, Peter T"]
[Result "1-0"]
[WhiteElo "1614"]
[BlackElo "1757"]
[PlyCount "0"]
[EventDate "2022.07.08"]
[EventRounds "5"]
[EventCountry "ENG"]

1. g3 d5 2. Bg2 Nf6 3. b3 c5 4. Bb2 Nc6 5. Bxf6 gxf6 6. Nc3 e6 7. e3 Bg7 8. Qg4 Kf8 9. Nge2 f5 10. Qh5 Ne5 11. d4 Ng4 12. O-O Nf6 13. Qh4 Qa5 14. dxc5 Ne4 15. b4 Qa3 16. Qd8#  1-0

[Event "28th 4NCL Congress"]
[Site "Leamington Spa"]
[Date "2022.07.10"]
[Round "5"]
[Board "29"]
[White "Pitt, Chris W"]
[Black "Vdovycia, Titas"]
[Result "1/2-1/2"]
[WhiteElo "1648"]
[BlackElo "1734"]
[PlyCount "0"]
[EventDate "2022.07.08"]
[EventRounds "5"]
[EventCountry "ENG"]

1. e4 e5 2. Nf3 Nf6 3. Nxe5 d6 4. Nf3 Nxe4 5. Nc3 Nxc3 6. dxc3 Nc6 7. Be3 Be7 8. Qd2 a6 9. O-O-O Be6 10. Kb1 b5 11. Bd3 d5 12. a3 Na5 13. Qe2 O-O 14. Ne5 Bd6 15. Qh5 f5 16. f4 Qf6 17. Rde1 c5 18. g4 g6 19. Qh3 Nc4 20. Bf2  1/2-1/2

[Event "28th 4NCL Congress"]
[Site "Leamington Spa"]
[Date "2022.07.10"]
[Round "5"]
[Board "30"]
[White "Lekoudis, George"]
[Black "O'Gorman, Brendan"]
[Result "0-1"]
[WhiteElo "1775"]
[BlackElo "1762"]
[PlyCount "0"]
[EventDate "2022.07.08"]
[EventRounds "5"]
[EventCountry "ENG"]

1. e4 c5 2. Nf3 e6 3. d4 cxd4 4. Nxd4 Nf6 5. Nc3 Nc6 6. Bg5 Bb4 7. Nb5 O-O 8. a3 Be7 9. Bf4 e5 10. Be3 d6 11. a4 a6 12. Na3 Be6 13. Nc4 Bxc4 14. Bxc4 Rc8 15. Ba2 Nb4 16. Bb3 Qd7 17. O-O Ng4 18. Bd2 Bd8 19. h3 Nf6 20. Qe1 Bb6 21. Bg5 Bd8 22. Be3 h6 23. Rd1 Ba5 24. Qe2 Rfd8 25. f4 Qc6 26. fxe5 dxe5 27. Qf2 Rxd1 28. Rxd1 Rd8 29. Rf1 Rd6 30. Bc5 Bb6 31. Bxb6 Qxb6 32. Qxb6 Rxb6 33. Rd1 Kf8 34. Kf2 a5 35. Ke3 Ke7 36. g4 g5 37. Nb5 Na6 38. Rf1 Nc5 39. Bd5 Nxa4 40. c4 Nxb2 41. Rf5 Nxd5+ 42. exd5 Nxc4+ 43. Kd3 Nb2+  0-1

[Event "28th 4NCL Congress"]
[Site "Leamington Spa"]
[Date "2022.07.08"]
[Round "1"]
[Board "1"]
[White "Borissow, Magnus"]
[Black "Fearnhead, Paul N"]
[Result "1-0"]
[WhiteElo "1528"]
[BlackElo "1694"]
[PlyCount "0"]
[EventDate "2022.07.08"]
[EventRounds "5"]
[EventCountry "ENG"]

1. e4 d6 2. d4 Nf6 3. Nc3 e5 4. dxe5 dxe5 5. Qxd8+ Kxd8 6. Bg5 Be6 7. O-O-O+ Nd7 8. f4 exf4 9. e5 h6 10. Bxf6+ gxf6 11. exf6 c6 12. Nge2 Bg4 13. h3 Bh5 14. Rd3 Bg6 15. Rf3 Nxf6 16. Nxf4 Bg7 17. Nxg6 fxg6 18. Bd3 g5 19. Rhf1 Rf8 20. Bg6 Kc7 21. Ne2 Rad8 22. Ng3 Nd7 23. Nf5 Be5 24. g3 Rf6 25. Bh5 Rdf8 26. Bg4 Rh8 27. Ne3 Rhf8 28. Bf5 h5 29. g4 Bf4 30. Kd1 hxg4 31. hxg4 Rd6+ 32. Ke2 Rh8 33. Bxd7 Rxd7 34. b3 Re7 35. Rxf4 gxf4 36. Rxf4 Rhe8 37. Rf3 Re5 38. Kf2 Ra5 39. Rf7+ Kc8 40. Nc4 Rd5 41. g5 Rg8 42. g6 Rxg6 43. Rf8+ Kc7  1-0

[Event "28th 4NCL Congress"]
[Site "Leamington Spa"]
[Date "2022.07.08"]
[Round "1"]
[Board "2"]
[White "Maher, Mike P"]
[Black "Madden, Jason D"]
[Result "1-0"]
[WhiteElo "1693"]
[BlackElo "1521"]
[PlyCount "0"]
[EventDate "2022.07.08"]
[EventRounds "5"]
[EventCountry "ENG"]

1. d4 Nf6 2. c4 e5 3. dxe5 Ng4 4. e3 Nxe5 5. Nh3 Bb4+ 6. Bd2 Bxd2+ 7. Qxd2 Ng6 8. Nc3 d6 9. Be2 Bxh3 10. gxh3 Qh4 11. Nd5 Na6 12. c5 O-O 13. Bxa6 bxa6 14. Nxc7 Ne5 15. O-O-O Rac8 16. cxd6 Rfd8 17. Qd4 Qxd4 18. Rxd4 f6 19. Kb1 Nc6 20. Rdd1 a5 21. Ne6 Rd7 22. Nc5 Rdd8 23. d7 Rb8 24. Ne6 Rxb2+ 25. Kxb2 Rb8+ 26. Ka3  1-0

[Event "28th 4NCL Congress"]
[Site "Leamington Spa"]
[Date "2022.07.08"]
[Round "1"]
[Board "3"]
[White "Gibson, Stephen"]
[Black "Salisbury, Paul"]
[Result "0-1"]
[WhiteElo "1511"]
[BlackElo "1692"]
[PlyCount "0"]
[EventDate "2022.07.08"]
[EventRounds "5"]
[EventCountry "ENG"]

1. e4 d5 2. exd5 Qxd5 3. Nc3 Qa5 4. d4 c6 5. Bd2 Qc7 6. Bc4 Bf5 7. Nf3 e6 8. Nh4 Bg6 9. Nxg6 hxg6 10. g3 Nf6 11. Qe2 Bd6 12. O-O-O Kd8 13. f4 Re8 14. Rhe1 Re7 15. Qf3 Nbd7 16. Re2 Nb6 17. Bb3 Nbd5 18. Bxd5 cxd5 19. Nb5 Qc6 20. Nxd6 Qxd6 21. Qb3 Qc6 22. Qc3 Qxc3 23. Bxc3 Ne4 24. Rd3 f5 25. Be1 Rc8 26. h4 Kd7 27. Ra3 a6 28. Rb3 Ke8 29. Rb6 Rc4 30. Bb4 Rec7 31. Rxe6+ Kf7 32. Re5 Rxb4  0-1

[Event "28th 4NCL Congress"]
[Site "Leamington Spa"]
[Date "2022.07.08"]
[Round "1"]
[Board "4"]
[White "Belinger, John"]
[Black "Cuthbert, Larissa"]
[Result "1-0"]
[WhiteElo "1685"]
[BlackElo "1505"]
[PlyCount "0"]
[EventDate "2022.07.08"]
[EventRounds "5"]
[EventCountry "ENG"]

1. e4 e6 2. d4 d5 3. Bd3 Nf6 4. exd5 exd5 5. Nf3 Be7 6. O-O Bg4 7. Re1 O-O 8. c3 c5 9. dxc5 Bxc5 10. Be3 Bd6 11. Nbd2 Qc7 12. h3 Bh5 13. Qc2 Nbd7 14. Rac1 Nc5 15. Bxc5 Bxc5 16. Nd4 Rac8 17. N2b3 Bb6 18. Qd2 Qd8 19. Nf5 Rc7 20. Nbd4 Kh8 21. Re3 Rd7 22. Rce1 Re8 23. Rxe8+ Nxe8 24. Bb5 Bxd4 25. Qxd4 f6 26. Bxd7 Qxd7 27. g4 Bg6 28. Re7 Qb5 29. Qe3 Kg8 30. Qe6+ Kf8 31. Nh4 Nd6 32. Nxg6+ hxg6 33. Qxd6 Kg8 34. Qe6+ Kh8 35. Qf7 Kh7 36. Qxg7#  1-0

[Event "28th 4NCL Congress"]
[Site "Leamington Spa"]
[Date "2022.07.08"]
[Round "1"]
[Board "5"]
[White "McWilliams, Mark D"]
[Black "Dos Santos Silva, Bruno Alexandre"]
[Result "0-1"]
[WhiteElo "1494"]
[BlackElo "1679"]
[PlyCount "0"]
[EventDate "2022.07.08"]
[EventRounds "5"]
[EventCountry "ENG"]

1. e4 c5 2. Nf3 d6 3. d4 cxd4 4. Nxd4 Nf6 5. Nc3 g6 6. Be2 Bg7 7. Be3 O-O 8. f4 Nc6 9. Bf3 Bd7 10. Qd2 Nxd4 11. Bxd4 Bc6 12. O-O-O Qa5 13. g4 b5 14. g5 b4 15. gxf6 bxc3 16. Bxc3 Qxa2 17. Qg2 Bxf6 18. Bxf6 exf6 19. c3 Ba4 20. Rd5 Qa1+ 21. Kd2 Qxb2+ 22. Ke3 Qxc3+ 23. Kf2 Rab8 24. Qg4 Rb2+ 25. Kg3 Qc2 26. f5 Qf2+ 27. Kh3 Rb3  0-1

[Event "28th 4NCL Congress"]
[Site "Leamington Spa"]
[Date "2022.07.08"]
[Round "1"]
[Board "6"]
[White "Morrish, John"]
[Black "Ravi, Vash"]
[Result "0-1"]
[WhiteElo "1678"]
[BlackElo "1484"]
[PlyCount "0"]
[EventDate "2022.07.08"]
[EventRounds "5"]
[EventCountry "ENG"]

1. e4 e5 2. Bc4 Nf6 3. Nc3 Nc6 4. a3 d6 5. d3 Nd4 6. h3 Be6 7. Bxe6 fxe6 8. Nf3 d5 9. Nxe5 Bd6 10. Nf3 c5 11. Bg5 Be7 12. Be3 Nxf3+ 13. Qxf3 d4 14. Bd2 dxc3 15. Bxc3 O-O 16. Qe2 Qb6 17. O-O Rf7 18. Rab1 Raf8 19. Bd2 c4 20. b4 cxd3 21. cxd3 Qd8 22. f4 b6 23. g4 a5 24. g5 Nd7 25. Rb3 e5 26. Qg4 Bxg5  0-1

[Event "28th 4NCL Congress"]
[Site "Leamington Spa"]
[Date "2022.07.08"]
[Round "1"]
[Board "7"]
[White "Gowers, George"]
[Black "Seymour, Paul"]
[Result "1/2-1/2"]
[WhiteElo "1439"]
[BlackElo "1674"]
[PlyCount "0"]
[EventDate "2022.07.08"]
[EventRounds "5"]
[EventCountry "ENG"]

1. e4 d5 2. exd5 Qxd5 3. Nc3 Qd6 4. d4 Nf6 5. Nf3 a6 6. g3 Bg4 7. Bg2 Nc6 8. Bf4 Qb4 9. O-O O-O-O 10. Qe1 Nxd4 11. Qe5 Nxf3+ 12. Bxf3 Qd6 13. Qa5 Qb6 14. Qxb6  1/2-1/2

[Event "28th 4NCL Congress"]
[Site "Leamington Spa"]
[Date "2022.07.08"]
[Round "1"]
[Board "8"]
[White "Jenkins, Theo"]
[Black "Wright, George A"]
[Result "1-0"]
[WhiteElo "1672"]
[BlackElo "1407"]
[PlyCount "0"]
[EventDate "2022.07.08"]
[EventRounds "5"]
[EventCountry "ENG"]

1. e4 c6 2. d4 d5 3. Nc3 dxe4 4. Nxe4 Bf5 5. Ng3 Bg6 6. Nf3 Nd7 7. Bd3 Bxd3 8. Qxd3 Ngf6 9. O-O Qc7 10. c4 h6 11. Be3 O-O-O 12. b4 e6 13. Qb1 Be7 14. b5 c5 15. a4 Nb6 16. Rc1 Ng4 17. a5 Na8 18. Bd2 h5 19. b6 Qb8 20. bxa7 Qxa7 21. a6 b6 22. Qe4 Rd7 23. Rcb1 Nf6 24. Qc6+ Rc7 25. Qb5 h4 26. Ne2 Ne4 27. Bf4 Bd6 28. Ne5 cxd4 29. Nc6 Rxc6 30. Qxc6+ Bc7 31. Qxe4 d3 32. Nd4 Rd8 33. Nc6  1-0

[Event "28th 4NCL Congress"]
[Site "Leamington Spa"]
[Date "2022.07.08"]
[Round "1"]
[Board "9"]
[White "Hylands, Keith A"]
[Black "Gill, Gursharanjit S"]
[Result "0-1"]
[WhiteElo "1397"]
[BlackElo "1660"]
[PlyCount "0"]
[EventDate "2022.07.08"]
[EventRounds "5"]
[EventCountry "ENG"]

1. d4 e6 2. e4 d5 3. e5 c5 4. c3 Qb6 5. Qb3 Nc6 6. Qxb6 axb6 7. Nf3 Nge7 8. Bd3 cxd4 9. a3 dxc3 10. Nxc3 Ng6 11. Bb5 Bd7 12. Bxc6 bxc6 13. O-O Bc5 14. b4 Bxb4 15. Bb2 Ba5 16. Rac1 Nf4 17. Kh1 Nd3 18. Rb1 Nxb2 19. Rxb2 Bxc3 20. Rxb6 O-O 21. Rfb1 c5 22. Ne1 Bxe5 23. Nd3 Bd4 24. g3 c4 25. Rd6 cxd3 26. Rxd7 d2 27. Rc7 Rac8  0-1

[Event "28th 4NCL Congress"]
[Site "Leamington Spa"]
[Date "2022.07.08"]
[Round "1"]
[Board "10"]
[White "Fernando, Manel"]
[Black "Gregory, Gerald"]
[Result "1-0"]
[WhiteElo "1651"]
[BlackElo "1385"]
[PlyCount "0"]
[EventDate "2022.07.08"]
[EventRounds "5"]
[EventCountry "ENG"]

1. d4 Nf6 2. Nf3 g6 3. Bf4 Bg7 4. Nbd2 c5 5. e3 Nc6 6. c3 O-O 7. Bd3 d6 8. Bc2 b5 9. h3 Qb6 10. O-O b4 11. Nc4 Qa6 12. Bd3 d5 13. Nce5 c4 14. Be2 bxc3 15. bxc3 Ne4 16. Qc1 Nxe5 17. Nxe5 f6 18. Nf3 Qa5 19. Nd2 Nxc3 20. Bf3 e5 21. Bh2 e4 22. Bd1 Nxd1 23. Rxd1 f5 24. Qc2 Bd7 25. a4 Bh6 26. Rdb1 f4 27. exf4 Bxf4 28. Bxf4 Rxf4 29. Rb7 Rf7 30. Nf1 Qa6 31. Rc7 Rc8 32. Rxc8+ Bxc8 33. Ne3 Bb7 34. Ng4 Bc6 35. Nh6+ Kg7 36. Nxf7 Kxf7 37. a5 Qc8 38. Qc3 a6 39. f3 Qe6 40. Re1 Bb5 41. fxe4 dxe4 42. Rf1+ Ke7 43. Qb4+ Qd6 44. Rf7+ Ke6 45. Rf6+  1-0

[Event "28th 4NCL Congress"]
[Site "Leamington Spa"]
[Date "2022.07.08"]
[Round "1"]
[Board "11"]
[White "Veeturi, Yashvardhan"]
[Black "Oliver, Peter J R"]
[Result "0-1"]
[WhiteElo "1334"]
[BlackElo "1650"]
[PlyCount "0"]
[EventDate "2022.07.08"]
[EventRounds "5"]
[EventCountry "ENG"]

1. c4 Nf6 2. Nc3 g6 3. d4 Bg7 4. e4 d6 5. h3 O-O 6. Nf3 Nbd7 7. Bd3 e5 8. d5 Nc5 9. O-O Ne8 10. Bg5 f6 11. Be3 Nxd3 12. Qxd3 f5 13. Bg5 Nf6 14. Qe3 f4 15. Bxf6 Qxf6 16. Qe2 a6 17. b4 g5 18. Nh2 Qg6 19. Qf3 h5 20. Qd3 g4 21. hxg4 hxg4 22. c5 f3 23. g3 Qh5 24. cxd6 Qh3 25. dxc7 Qg2#  0-1

[Event "28th 4NCL Congress"]
[Site "Leamington Spa"]
[Date "2022.07.08"]
[Round "1"]
[Board "13"]
[White "Khomytska, Kateryna"]
[Black "Morris, Nigel W"]
[Result "1-0"]
[WhiteElo "1297"]
[BlackElo "1619"]
[PlyCount "0"]
[EventDate "2022.07.08"]
[EventRounds "5"]
[EventCountry "ENG"]

1. e4 c5 2. Nf3 d6 3. d4 cxd4 4. Nxd4 Nf6 5. Nc3 a6 6. Be2 e6 7. Be3 Be7 8. O-O Nbd7 9. a4 Qc7 10. Qd2 b6 11. Rfd1 Bb7 12. f3 Rc8 13. Bf2 O-O 14. Qe1 Rfe8 15. Qf1 Ra8 16. Be3 d5 17. exd5 Nxd5 18. Nxd5 Bxd5 19. Bxa6 Bd6 20. f4 Nf6 21. Nb5 Qe7 22. Nxd6 Qxd6 23. Bb5 Qc7 24. Bxe8 Rxe8 25. Rac1 Bc4 26. Qf2 Rb8 27. Bd4 Ne4 28. Qe3 Bd5 29. Be5 Qb7 30. Bxb8 Qxb8 31. Rd4 Qc7 32. Rxe4 Bxe4 33. Qxe4  1-0

[Event "28th 4NCL Congress"]
[Site "Leamington Spa"]
[Date "2022.07.08"]
[Round "1"]
[Board "15"]
[White "Butler, Rene"]
[Black "Dhillon, Tarsem"]
[Result "1/2-1/2"]
[WhiteElo "1267"]
[BlackElo "1593"]
[PlyCount "0"]
[EventDate "2022.07.08"]
[EventRounds "5"]
[EventCountry "ENG"]

1. b4 e5 2. Bb2 d6 3. e3 Nf6 4. b5 a6 5. a4 axb5 6. axb5 Rxa1 7. Bxa1 c6 8. c4 Be7 9. Be2 O-O 10. Nc3 Nbd7 11. Nf3 Qc7 12. O-O d5 13. cxd5 cxd5 14. Qb3 Qd6 15. h3 Nc5 16. Qb4 b6 17. d4 e4 18. Ne5 Ncd7 19. Qxd6 Bxd6 20. Nxd7 Bxd7 21. Na4  1/2-1/2

[Event "28th 4NCL Congress"]
[Site "Leamington Spa"]
[Date "2022.07.08"]
[Round "1"]
[Board "16"]
[White "Bullock, Lee"]
[Black "Walker, Heather Enid"]
[Result "1-0"]
[WhiteElo "1582"]
[BlackElo "1184"]
[PlyCount "0"]
[EventDate "2022.07.08"]
[EventRounds "5"]
[EventCountry "ENG"]

1. d4 Nf6 2. Bf4 g6 3. e3 Bg7 4. Bd3 b6 5. Nf3 Bb7 6. Nbd2 c5 7. c3 Nc6 8. Qc2 O-O 9. Rc1 Nd5 10. Bg5 d6 11. Bc4 Nc7 12. a4 d5 13. Bd3 Qd6 14. h4 Ne6 15. h5 Nxg5 16. Nxg5 a5 17. hxg6 h6 18. gxf7+ Kh8 19. Ba6  1-0

[Event "28th 4NCL Congress"]
[Site "Leamington Spa"]
[Date "2022.07.08"]
[Round "1"]
[Board "17"]
[White "Merrifield, Peter"]
[Black "Ramaraju, Siddarth"]
[Result "0-1"]
[WhiteElo "1115"]
[BlackElo "1581"]
[PlyCount "0"]
[EventDate "2022.07.08"]
[EventRounds "5"]
[EventCountry "ENG"]

1. e4 e5 2. Nf3 Nc6 3. d4 exd4 4. Nxd4 Nxd4 5. Qxd4 d6 6. b4 Be7 7. c3 Bf6 8. Qd1 Ne7 9. Bc4 Be6 10. Qb3 Bxc4 11. Qxc4 a6 12. O-O b5 13. Qd3 Nc6 14. f4 Nxb4 15. cxb4 Bxa1 16. Nd2 c5 17. Nf3 O-O 18. a3 Bf6 19. Qe3 c4 20. e5 dxe5 21. fxe5 Re8 22. Bb2 Be7 23. Kh1 Qd3 24. Qc1 Rad8 25. Nd4 Rxd4 26. Bxd4 Qxd4  0-1

[Event "28th 4NCL Congress"]
[Site "Leamington Spa"]
[Date "2022.07.09"]
[Round "2"]
[Board "1"]
[White "Blower, Trevor R"]
[Black "Maher, Mike P"]
[Result "0-1"]
[WhiteElo "1607"]
[BlackElo "1693"]
[PlyCount "0"]
[EventDate "2022.07.08"]
[EventRounds "5"]
[EventCountry "ENG"]

1. f4 d5 2. Nf3 c5 3. g3 Nc6 4. c3 Nf6 5. Bg2 e6 6. O-O Be7 7. Qc2 h5 8. d3 d4 9. Nbd2 Nd5 10. Ne4 h4 11. cxd4 cxd4 12. Qa4 Ne3 13. Bxe3 dxe3 14. Ne5 Bd7 15. Nxf7 Kxf7 16. Ng5+ Kg8 17. Qe4 Bxg5 18. fxg5 Qxg5 19. Bh3 Re8 20. Rf3 Qe5 21. Qg6 Nd4 22. Raf1 Nxf3+ 23. Rxf3 Rf8 24. d4 Qd5 25. Rxe3 Rh6 26. Qd3 Bc6 27. Rf3 Rxf3 28. exf3 hxg3 29. Bg2 gxh2+ 30. Kh1 Qxa2 31. Qe2 Qb1+ 32. Bf1 Qf5 33. Bg2 Rh3 34. f4 Bxg2+ 35. Kxg2 h1=Q+  0-1

[Event "28th 4NCL Congress"]
[Site "Leamington Spa"]
[Date "2022.07.09"]
[Round "2"]
[Board "2"]
[White "Salisbury, Paul"]
[Black "Bullock, Lee"]
[Result "1/2-1/2"]
[WhiteElo "1692"]
[BlackElo "1582"]
[PlyCount "0"]
[EventDate "2022.07.08"]
[EventRounds "5"]
[EventCountry "ENG"]

1. e4 c5 2. Nf3 d6 3. c3 Nf6 4. Be2 Nc6 5. d4 cxd4 6. cxd4 e6 7. Nc3 h6 8. O-O Be7 9. Re1 a6 10. a4 b6 11. Bf1 Bb7 12. Bd2 O-O 13. e5 dxe5 14. dxe5 Nd5 15. Ne4 Ndb4 16. Ng3 Qd7 17. Qb3 Na5 18. Qd1 Rfd8 19. Be3 Bxf3 20. gxf3 Qc6 21. Qe2 Nd3 22. Red1 Nxe5 23. Bg2 Ng6 24. f4 Qc8 25. Rac1 Rxd1+ 26. Qxd1 Qb8 27. f5 Nh4 28. fxe6 Nxg2 29. exf7+ Kf8 30. Kxg2 Qb7+ 31. Kg1 Rd8 32. Qf1 Nb3 33. Rd1 Nc5 34. Rxd8+ Bxd8 35. Qd1 Bf6 36. b4 Ne6 37. Qd6+ Kxf7 38. Qxb6 Qxb6 39. Bxb6 Bc3 40. b5 axb5 41. axb5 Nd4 42. Bxd4 Bxd4 43. Ne4 Ke6 44. Kf1 Kd5 45. f3 Kc4 46. Ke2 Kxb5 47. Kd3 Be5 48. h3 Kc6 49. Nf2 Kd5 50. Ng4 Bf4 51. Nf2 Ke5 52. Ne4 Kf5 53. Ke2 Kg6 54. Kf2 Kh5 55. Kg2 Kh4 56. Nf2 Bd6 57. Ne4 Be5 58. Nf2 Kg5 59. Nd3 Bd6 60. Nf2 Bf4 61. Ne4+ Kf5 62. Nf2 Be3 63. Nd1 Bd4 64. Kg3 h5 65. f4 Ke4 66. Kh4 Kd3 67. Kxh5 Kd2 68. Kg6 Kxd1 69. h4  1/2-1/2